000
00325nam a2200109Ia 4500
008
171211s9999 xx 000 0 und d
245
_a
Clout: The Art and Science of Influential Web Content
245
_c
Collen Jones
260
_c
2010
650
_x
Web Development
856
_u
http://down.ebook777.com/013/9780321733016.pdf
999
_c
350067
_d
350067